Southville International School and Colleges
Your cart is empty.
  • Cart
  • Lists
    Public lists Eva Luna New books Lux_list list_1
    Your lists Log in to create your own lists
  • Log in to your account
  • Your cookies
  • Search history
Southville International School and Colleges
  • Advanced search
  • Recent comments
  • Most popular
  • Libraries

Log in to your account

Log in with GOOGLE


If you do not have an external account, but do have a local account, you can still log in:

  1. Home
  2. MARC view: Philip's world atlas.
Normal view MARC view ISBD view

Philip's world atlas. (Record no. 115346)

[ view plain ]
MARC details
000 -LEADER
fixed length control field 00383nam a2200157 a 4500
005 - DATE AND TIME OF LATEST TRANSACTION
control field 20140414132140.0
008 - FIXED-LENGTH DATA ELEMENTS--GENERAL INFORMATION
fixed length control field 140203s19uu xx 00 eng d
020 ## - INTERNATIONAL STANDARD BOOK NUMBER
International Standard Book Number 978184072373
050 ## - LIBRARY OF CONGRESS CALL NUMBER
Classification number REF 912
Item number Ph53 2012
245 ## - TITLE STATEMENT
Title Philip's world atlas.
260 ## - PUBLICATION, DISTRIBUTION, ETC. (IMPRINT)
Place of publication, distribution, etc London :
Name of publisher, distributor, etc Philip's,
Date of publication, distribution, etc c2012.
300 ## - PHYSICAL DESCRIPTION
Extent 176
650 ## - SUBJECT ADDED ENTRY--TOPICAL TERM
Topical term or geographic name as entry element Road maps
650 ## - SUBJECT ADDED ENTRY--TOPICAL TERM
Topical term or geographic name as entry element World atlases
Holdings
Withdrawn status Lost status Damaged status Home library Current library Shelving location Date acquired Source of acquisition Total Checkouts Full call number Barcode Date last seen Price effective from Koha item type
      Munich Library Munich Library Reference Section 02/03/2014     REF 912 Ph53 2012 M7395 04/14/2014 04/14/2014 Books

Philip's world atlas.

APA

(2012). Philip's world atlas. London: Philip's.

Chicago

2012. Philip's world atlas. London: Philip's.

Harvard

(2012). Philip's world atlas. London: Philip's.

MLA

Philip's world atlas. London: Philip's. 2012.

  • Place hold
  • Print
  • Cite
  • Add to your cart (remove)
  • Save record
    BIBTEX Dublin Core MARCXML MARC (non-Unicode/MARC-8) MARC (Unicode/UTF-8) MARC (Unicode/UTF-8, Standard) MODS (XML) RIS
  • More searches
    Search for this title in:
    Other Libraries (WorldCat) Other Databases (Google Scholar) Online Stores (Bookfinder.com) Open Library (openlibrary.org)

Exporting to Dublin Core...

SOUTHVILLE LIBRARY

Southville International School and Colleges Library

1281 Tropical Ave. Cor. Luxembourg St., BF Homes International, Las Pinas City

Tel. No. 8256374 / 252358 Loc. 117/146

Powered by Koha